000 00558cam a2200193 a 4500
001 4033200
005 20260304141527.0
008 980401s1998 miu b 001 0 eng
020 _a0801021499
020 _a9780801021497
050 0 0 _aBS2665.3
_b.S36 1998
082 0 0 _a227/.1077
_221
100 1 _aSchreiner, Thomas R.
245 1 0 _aRomans /
_cThomas R. Schreiner.
260 _aGrand Rapids, Mich. :
_bBaker Books,
_cc1998.
300 _axxi, 919 p. ;
_c23 cm.
440 0 _aBaker exegetical commentary on the New Testament ;
_v6
942 _2lcc
_cBK
_n0
999 _c8878
_d8878